[Event "COL-ch Amateur"]
[Site "Villavicencio"]
[Date "2015.02.21"]
[Round "7"]
[White "Hernandez Fierro, Luis Eduardo"]
[Black "Arteaga, Jose Hender"]
[Result "1-0"]
[WhiteElo "1969"]
[BlackElo "1695"]
[PlyCount "51"]
[EventDate "2015.02.18"]
[EventType "swiss"]
[EventRounds "9"]
[EventCountry "COL"]
[SourceTitle "CBM 165 Extra"]
[Source "ChessBase"]
[SourceDate "2015.04.21"]
[SourceVersion "1"]
[SourceVersionDate "2015.04.21"]
[SourceQuality "1"]

1. e4 d5 2. exd5 Nf6 3. Nc3 Nxd5 4. Nxd5 Qxd5 5. Nf3 Bg4 6. Be2 e6 7. c3 c5 8. Qa4+ Nd7 9. Qxg4 h5 10. Qc4 Qc6 11. d4 a6 12. a4 Nb6 13. Qb3 c4 14. Qc2 Bd6 15. Be3 0-0-0 16. Ng5 Qc7 17. Bf3 Bxh2 18. Nxf7 Qxf7 19. Rxh2 g6 20. Rh4 Qe7 21. Re4 Rdf8 22. Re5 Rxf3 23. gxf3 Qf7 24. Qe4 Re8 25. Rc5+ Kd8 26. Bg5+ 1-0

[Event "COL-ch Amateur"]
[Site "Villavicencio"]
[Date "2015.02.19"]
[Round "4"]
[White "Latorre, Franklin Leandro"]
[Black "Arteaga, Jose Hender"]
[Result "1-0"]
[WhiteElo "1916"]
[BlackElo "1695"]
[PlyCount "41"]
[EventDate "2015.02.18"]
[EventType "swiss"]
[EventRounds "9"]
[EventCountry "COL"]
[SourceTitle "CBM 165 Extra"]
[Source "ChessBase"]
[SourceDate "2015.04.21"]
[SourceVersion "1"]
[SourceVersionDate "2015.04.21"]
[SourceQuality "1"]

1. e4 e6 2. d4 d5 3. Nd2 dxe4 4. Nxe4 Nd7 5. Nf3 Ngf6 6. Bd3 b6 7. 0-0 Be7 8. Re1 Bb7 9. Qe2 0-0 10. Neg5 h6 11. Nxe6 Bxf3 12. gxf3 fxe6 13. Qxe6+ Rf7 14. Bc4 Bd6 15. Qxf7+ Kh8 16. Kh1 Bxh2 17. Kxh2 Ng4+ 18. Kg3 Ndf6 19. fxg4 Qxd4 20. f3 Nh7 21. Re8+ 1-0